| 000 | 00362nam a2200145Ia 4500 | ||
|---|---|---|---|
| 008 | 191201s2012 xx 000 0 und d | ||
| 082 |
_a621 _bALI |
||
| 100 | _aALCIATORE, David G | ||
| 245 | 0 | _aIntroduction to Mechatronics and Measurement Systems | |
| 250 | _aRep | ||
| 260 |
_aN. Delhi _bTMH _c2012 |
||
| 300 | _a509 | ||
| 650 | _aB.Tech(ME) | ||
| 942 |
_2ddc _cBK |
||
| 999 |
_c5534 _d5534 |
||